Top 40 Most Populated Islands In The World - Statistics

General Stats
  • This quiz has been taken 78 times
  • The average score is 23 of 40
Answer Stats
Population Answer Country % Correct
6.380.000 Ireland Ireland, Great Britain
96%
141.370.000 Java Indonesia
96%
26.570.000 Madagascar Madagascar
96%
23.460.000 Taiwan Taiwan
96%
21.200.000 Sri Lanka Sri lanka
94%
11.160.000 Cuba Cuba
93%
64.160.000 Great Britain United Kingdom
93%
5.380.000 Hokkaido Japan
89%
104.000.000 Honshū Japan
89%
21.250.000 Borneo Indonesia, Brunei, Malaysia
87%
2.950.000 Jamaica Jamaica
87%
21.100.000 Hispaniola Haiti, Dominican Republic
86%
5.010.000 Sicily Italy
86%
3.620.000 North Island New Zealand
85%
50.180.000 Sumatra Indonesia
85%
11.810.000 New Guinea Papau New Guinea, Indonesia
83%
61.770.000 Luzon Philippines
77%
3.180.000 Timor Indonesia, East Timor
72%
4.220.000 Bali Indonesia
66%
13.000.000 Kyūshū Japan
63%
7.830.000 Long Island USA
63%
9.030.000 Hainan China
59%
18.540.000 Sulawesi Indonesia
59%
26.530.000 Mindanao Philippines
55%
2.380.000 Zealand Denmark
55%
3.470.000 Puerto Rico USA
45%
3.810.000 Shikoku Japan
44%
4.160.000 Cebu Philippines
38%
15.110.000 Salsette India
28%
1.830.000 Flores Indonesia
27%
4.460.000 Negros Philippines
24%
3.310.000 Lombok Indonesia
23%
2.280.000 Leyte Philippines
14%
4.300.00 Panay Philippines
13%
3.740.000 Madura Indonesia
6%
5.600.000 Pulau Ujong Singapore
6%
1.750.000 Bhola Island Bangladesh
3%
2.040.000 Xiamen Island China
3%
2.010.000 Island of Montreal Canada
1%
2.890.000 Zhongshan Island China
0%
No matching quizzes found
Score Distribution
Percent of People with Each Score
Percentile by Number Answered
Your Score History
You have not taken this quiz